000 00759nam a2200241Ia 4500
001 270
005 20251226111327.0
008 251203t2009||||xx |||||||||||||| ||spa||
020 _a9786124535925
041 _aESPIN
082 _a985.01
_bG91
100 _aOrefici, Giuseppe,
_cAUT
245 0 _aNasca :
_bel desierto de los dioses de Cahuachi
246 _aNasca : the desert of the cahuachi divinities
250 _aPrimera edición
260 _aLima :
_bGraph Ediciones
_c2009
300 _a307 páginas :
_b ilustraciones ;
_c 31 cm.
650 _aGEH
653 _aCultura Nasca; Dioses de Cahuachi, historia
654 _aCTP
700 _aSánchez Borjas, Angel; Gavazzi, Adine; Schreiber, Katharina [y otros nueve]
942 _cLIB
_dJUS
_fMIP
_2ddc
999 _c270
_d270